Drużyny żużlowe w sezonie 2019 - Statystyki

Ogólne statystyki
  • Ten quiz został rozwiązany 256 razy
  • Średni wynik to 15 z 22
Statystyki odpowiedzi
Szczebel rozgrywek Drużyny % Poprawnych
Ekstraliga Unia Leszno
93%
Ekstraliga Sparta Wrocław
88%
Ekstraliga Falubaz Zielona Góra
84%
Ekstraliga Motor Lublin
84%
1 Liga ROW Rybnik
81%
Ekstraliga Włókniarz Częstochowa
79%
Ekstraliga GKM Grudziądz
77%
1 Liga Unia Tarnów
75%
2 Liga Polonia Bydgoszcz
69%
Ekstraliga Stal Gorzów Wielkopolski
65%
2 Liga Kolejarz Opole
62%
1 Liga Start Gniezno
62%
1 Liga Wybrzeże Gdańsk
62%
2 Liga Polonia Piła
61%
1 Liga Orzeł Łódź
59%
2 Liga Kolejarz Rawicz
58%
2 Liga Wilki Krosno
58%
2 Liga PSŻ Poznań
57%
2 Liga Wanda Kraków
53%
Ekstraliga Get Well Toruń
50%
1 Liga Lokomotiv Daugavpils
49%
1 Liga Ostrovia Ostrów Wielkopolski
47%
Nie znaleziono quizów pasujących do podanych kryteriów
Rozkład punktacji
Procent ludzi z każdym wynikiem
Percentyl według liczby udzielonych odpowiedzi
Twoja historia wyników
Nie rozwiązałeś tego quizu